Zariadenie na monitorovanie fyziologických veličín
Uložené v:
| Hlavný autor: | |
|---|---|
| Ďalší autori: | |
| Médium: | Rukopis Kniha |
| Jazyk: | Slovak |
| Vydavateľské údaje: |
Bratislava :
STU v Bratislave FEI,
2011
|
| Predmet: | |
| On-line prístup: | VAIS |
| Tagy: |
Žiadne tagy, Buďte prvý, kto otaguje tento záznam!
|
MARC
| LEADER | 00000ntm a22000003a 4500 | ||
|---|---|---|---|
| 001 | stu230835 | ||
| 005 | 20150617230139.7 | ||
| 008 | 110709s2011----xo------------------slo-d | ||
| 040 | |a STU |b slo | ||
| 041 | 0 | |a slo | |
| 044 | |a xo | ||
| 100 | 1 | |a Hanic, Michal, |d 1988- |4 aut |u E030 |U FEI Fakulta elektrotechniky a informatiky |T FEI Ústav elektroniky a fotoniky |X 55743 |U E030 |Y 549 |7 A000055743 | |
| 242 | 0 | 0 | |a Devices for monitoring of physiological parameters |y eng |
| 245 | 1 | |a Zariadenie na monitorovanie fyziologických veličín | |
| 260 | |a Bratislava : |b STU v Bratislave FEI, |c 2011 | ||
| 300 | |a 46 s | ||
| 650 | 7 | |a elektronika |2 stusub | |
| 650 | 7 | |a Electronics |2 estusub | |
| 700 | 1 | |a Púčik, Jozef, |d 1972- |4 ths |u E030 |U FEI Fakulta elektrotechniky a informatiky |T FEI Ústav elektroniky a fotoniky |X 1922 |U E030 |Y 549 |7 A000001922 | |
| 856 | 4 | |a info a plný text |u http://is.stuba.sk/zp/portal_zp.pl?podrobnosti=56310 |3 VAIS | |
| 996 | |b 284ER00754 |c E*Bc-754 |l EE33 |s P |a 0 |w stu230835_0001 | ||